The return of the king; (Record no. 328527)

000 -LEADER
fixed length control field 01472cam a2200361 a 4500
001 - CONTROL NUMBER
control field 13113253
003 - CONTROL NUMBER IDENTIFIER
control field Nust
005 - DATE AND TIME OF LATEST TRANSACTION
control field 20220728145637.0
008 - FIXED-LENGTH DATA ELEMENTS--GENERAL INFORMATION
fixed length control field 030306r20021966mauab 001 1 eng
010 ## - LIBRARY OF CONGRESS CONTROL NUMBER
LC control number 2003542567
020 ## - INTERNATIONAL STANDARD BOOK NUMBER
International Standard Book Number 9780261103597
040 ## - CATALOGING SOURCE
Original cataloging agency DLC
Transcribing agency DLC
Modifying agency DLC
050 00 - LIBRARY OF CONGRESS CALL NUMBER
Classification number PR6039.O32
Item number L6 2002b pt. 3
082 ## - DEWEY DECIMAL CLASSIFICATION NUMBER
Classification number 823.912
Author Mark TOL
100 1# - MAIN ENTRY--PERSONAL NAME
Personal name Tolkien, J. R. R.
Fuller form of name (John Ronald Reuel),
Dates associated with a name 1892-1973.
9 (RLIN) 14403
245 14 - TITLE STATEMENT
Title The return of the king;
Remainder of title being the third part of the lord of the rings part 3 /
Statement of responsibility, etc. J.R.R. Tolkien ; illustrated by Alan Lee.
260 ## - PUBLICATION, DISTRIBUTION, ETC.
Place of publication, distribution, etc. Boston :
Name of publisher, distributor, etc. Houghton Mifflin,
Date of publication, distribution, etc. 2002.
300 ## - PHYSICAL DESCRIPTION
Extent xii p., p. 755-1178 :
Other physical details col. ill., map ;
Dimensions 26 cm.
490 1# - SERIES STATEMENT
Series statement Lord of the rings ;
Volume/sequential designation pt. 3
500 ## - GENERAL NOTE
General note Map on lining pages.
500 ## - GENERAL NOTE
General note Includes index.
600 10 - SUBJECT ADDED ENTRY--PERSONAL NAME
Personal name Baggins, Frodo
Form subdivision Fiction.
9 (RLIN) 95654
650 #0 - SUBJECT ADDED ENTRY--TOPICAL TERM
Topical term or geographic name entry element Middle Earth (Imaginary place)
Form subdivision Fiction.
9 (RLIN) 14404
655 #7 - INDEX TERM--GENRE/FORM
Genre/form data or focus term Adventure fiction.
Source of term gsafd
9 (RLIN) 5620
655 #7 - INDEX TERM--GENRE/FORM
Genre/form data or focus term Fantasy fiction.
Source of term gsafd
700 1# - ADDED ENTRY--PERSONAL NAME
Personal name Lee, Alan.
9 (RLIN) 14406
800 1# - SERIES ADDED ENTRY--PERSONAL NAME
Personal name Tolkien, J. R. R.
Fuller form of name (John Ronald Reuel),
Dates associated with a name 1892-1973.
Title of a work Lord of the rings (2002) ;
Volume/sequential designation pt. 3.
9 (RLIN) 95660
856 42 - ELECTRONIC LOCATION AND ACCESS
Materials specified Publisher description
Uniform Resource Identifier <a href="http://www.loc.gov/catdir/description/hm031/2003542567.html">http://www.loc.gov/catdir/description/hm031/2003542567.html</a>
856 42 - ELECTRONIC LOCATION AND ACCESS
Materials specified Contributor biographical information
Uniform Resource Identifier <a href="http://www.loc.gov/catdir/enhancements/fy0736/2003542567-b.html">http://www.loc.gov/catdir/enhancements/fy0736/2003542567-b.html</a>
906 ## - LOCAL DATA ELEMENT F, LDF (RLIN)
a 7
b cbc
c orignew
d 2
e ncip
f 20
g y-gencatlg
942 ## - ADDED ENTRY ELEMENTS (KOHA)
Source of classification or shelving scheme
Koha item type Book
Holdings
Withdrawn status Lost status Source of classification or shelving scheme Damaged status Not for loan Permanent Location Current Location Shelving location Date acquired Total Checkouts Full call number Barcode Checked out Date last seen Date last checked out Copy number Price effective from Koha item type
          Central Library (CL) Central Library (CL) Fiction 04/11/2017 5 823.912 TOL CL1172 07/06/2024 06/06/2024 06/06/2024 1 04/11/2017 Book
© 2023 Central Library, National University of Sciences and Technology. All Rights Reserved.